000 01458cam a2200361 a 4500
001 15373966
003 OSt
005 20260213124835.0
008 080721r20081994ilu b 000 0 eng
010 _a 2008031509
020 _a9780830842100
_qpbk. : alk. paper
035 _a15373966
040 _aDLC
_cDLC
_dDLC
050 0 0 _aBS1345.53
_b.S45 2008
082 0 0 _a222/.6307
_222
100 1 _aSelman, Martin J.,
_d1947-
245 1 0 _a1 Chronicles :
_ban introduction and commentary /
_cMartin J. Selman.
260 _aNottingham, England ;
_aDowners Grove, Ill. :
_bIVP Academic,
_c[2008]
300 _a274 p. ;
_c21 cm.
336 _atext
_btxt
_2rdacontent
337 _aunmediated
_bn
_2rdamedia
338 _avolume
_bnc
_2rdacarrier
490 0 _aTyndale Old Testament commentaries ;
_vv. 10
500 _aOriginally published: Leicester, England ; Downers Grove, Ill. : Inter-Varsity Press, c1994.
504 _aIncludes bibliographical references.
630 0 0 _aBible.
_pChronicles, 1st
_vCommentaries.
655 7 _aCommentaries.
_2lcgft
_0https://id.loc.gov/authorities/genreForms/gf2025026014
856 4 1 _3Table of contents only
_uhttp://www.loc.gov/catdir/toc/ecip0823/2008031509.html
906 _a7
_bcbc
_corignew
_d1
_eecip
_f20
_gy-gencatlg
942 _2lcc
_cBK
999 _c21212
_d21211